[Event "Stay Safe Play From Home 150"]
[Site "T#646043Emanuel Laske"]
[Date "2020.05.14"]
[Round "3"]
[White "Kongle"]
[Black "Klausen"]
[Result "1-0"]
[WhiteElo "1728"]
[BlackElo "1905"]
[Annotator "TA"]
[PlyCount "83"]
[EventDate "2020.05.14"]
[EventType "swiss (blitz)"]

{[%evp 14,83,24,23,26,0,15,-4,-2,-10,-9,-4,-6,-45,0,3,20,-29,-14,-12,0,-192,-185,-185,-42,-66,-25,-105,-74,-116,-108,-135,-109,-108,-69,-68,519,520,500,466,616,602,597,590,592,591,614,610,663,652,1481,1416,29989,29990,29990,29991,29991,29992,29992,29991,29992,29974,29991,1450,6165,6161,29986,29984,29995,-288,-285,-315]} 1. e4 e6 2. Nf3 d5 3. exd5 exd5 4. d4 Nf6 5. Bd3 Bd6 6. Bg5 O-O 7. O-O Bg4 8. h3 Bh5 {C01: French: Exchange Variation.} 9. Re1 c6 10. c4 dxc4 {The position is equal.} 11. Bxc4 Nbd7 {[#]} 12. Nc3 $146 ({Predecessor:} 12. Nbd2 h6 13. Bh4 Qc7 14. Bxf6 Nxf6 15. Ne4 Nxe4 16. Rxe4 Rfe8 17. Qd3 Bg6 18. Rxe8+ Rxe8 19. Qxg6 {1-0 (24) Jimenez Almeida,L (1790)-Alsina Lopez,A (1658) Villava 2009}) 12... Qc7 13. Rc1 h6 14. Bxf6 Nxf6 15. Bd3 Bf4 16. Rc2 Qd6 17. Rce2 $2 (17. g4 $11 Nxg4 18. hxg4 Bxg4 19. Qe2) 17... Bxf3 $1 $19 18. gxf3 Rfe8 (18... Qd8 $19 {Hoping for ...Nh5.} 19. Bc2 Nh5) 19. Rxe8+ $15 Rxe8 20. Ne4 (20. Rxe8+ $11 {remains equal.} Nxe8 21. Qa4) 20... Nxe4 $17 21. Bxe4 g6 22. Qb3 b6 23. Rd1 Kg7 {White must now prevent ...f5.} 24. Qa4 c5 $2 {[%mdl 8192]} (24... Qe6 $15 {keeps the upper hand.} 25. Kg2 Re7) 25. Qxe8 $18 cxd4 26. Bd3 Be5 27. Re1 Bf6 28. Bc4 Qc7 29. b3 h5 30. a4 d3 31. Bxd3 Qc3 32. Bc4 Qxf3 33. Qxf7+ {[%mdl 64] Double Attack} Kh6 34. Qf8+ Kg5 {[#]} 35. Re5+ $3 {[%mdl 512]} Kh4 (35... Bxe5 36. Qxf3) 36. Re3 Qf4 37. Kg2 g5 {[#]} 38. Qc8 (38. Rf3 $142 $1 Qe5 39. Rxf6 Qe4+ 40. Kg1 b5 41. Qd6 Qe1+ 42. Kh2 Qh1+ 43. Kxh1 g4 44. Rg6 bxc4 45. Qg3#) 38... Be5 39. Qc6 {Threatening mate with Re4!} Qh2+ 40. Kf1 Qh1+ 41. Ke2 $4 {[%mdl 8192]} (41. Qxh1 {mates} Bf4 {[#]} 42. Qe4 $1 {[%mdl 512]} b5 43. Bf7 a6 44. Qh7 $1 {[%mdl 512]} Bxe3 45. Qxh5#) 41... Qxc6 $19 42. Rxe5 {[%mdl 32768] A wild game. Accuracy: White = 49%, Black = 50%. . Loss on time!?} 1-0

[Event "Stay Safe Play From Home 150"]
[Site "T#646043Emanuel Laske"]
[Date "2020.05.14"]
[Round "3"]
[White "Edmatuag"]
[Black "Tumnik_ad"]
[Result "0-1"]
[WhiteElo "1720"]
[BlackElo "1852"]
[Annotator "NA RC"]
[PlyCount "88"]
[EventDate "2020.05.14"]
[EventType "swiss (blitz)"]

1. e4 {[%emt 0:00:10]} e6 {[%emt 0:00:00]} 2. d4 {[%emt 0:00:07]} b6 {[%emt 0:00:00]} 3. Nc3 {[%emt 0:00:01]} Bb7 {[%emt 0:00:00]} 4. Bd3 {[%emt 0:00:01]} Bb4 {[%emt 0:00:01]} 5. Bd2 {[%emt 0:00:01]} Nf6 {[%emt 0:00:02]} 6. Nge2 {[%emt 0:00:00]} d5 {[%emt 0:00:02]} 7. e5 {[%emt 0:00:08]} Nfd7 {[%emt 0:00:01]} 8. O-O {[%emt 0:00:02]} c5 {[%emt 0:00:01]} 9. a3 {[%emt 0:00:01]} Bxc3 {[%emt 0:00:01]} 10. bxc3 {[%emt 0:00:00]} c4 {[%emt 0:00:00]} 11. Bxh7 {[%emt 0:00:05]} Rxh7 {[%emt 0:00:02]} 12. Ng3 {[%emt 0:00:04]} Qh4 {[%emt 0:00:05]} 13. h3 {[%emt 0:00:01]} Nc6 {[%emt 0:00:08]} 14. Qe1 {[%emt 0:00:04]} Ne7 {[%emt 0:00:06]} 15. f4 {[%emt 0:00:02]} Nf5 {[%emt 0:00:05]} 16. Nxf5 {[%emt 0:00:01]} exf5 {[%emt 0:00:02]} 17. e6 {[%emt 0:00:04]} Nf6 {[%emt 0:00:30]} 18. exf7+ {[%emt 0:00:06]} Kxf7 {[%emt 0:00:00]} 19. Qe5 {[%emt 0:00:05]} Re8 {[%emt 0:00:12]} 20. Qc7+ {[%emt 0:00:21]} Re7 {[%emt 0:00:03]} 21. Qb8 {[%emt 0:00:02]} Ne4 {[%emt 0:00:23]} 22. Be1 {[%emt 0:00:09]} Qf6 {[%emt 0:00:14]} 23. Qxa7 {[%emt 0:00:02]} Rh8 {[%emt 0:00:05]} 24. Rb1 {[%emt 0:00:05]} Ra8 {[%emt 0:00:05]} 25. Qxb6 {[%emt 0:00:02]} Qxb6 {[%emt 0:00:01]} 26. Rxb6 {[%emt 0:00:00]} Rxa3 {[%emt 0:00:01]} 27. Bh4 {[%emt 0:00:03]} Nf6 {[%emt 0:00:06]} 28. Rfb1 {[%emt 0:00:05]} Bc8 {[%emt 0:00:06]} 29. Rd6 {[%emt 0:00:11]} Rxc3 {[%emt 0:00:04]} 30. Bxf6 {[%emt 0:00:09]} gxf6 {[%emt 0:00:00]} 31. Rb8 {[%emt 0:00:06]} Bd7 {[%emt 0:00:05]} 32. Rbb6 {[%emt 0:00:03]} Be6 {[%emt 0:00:01]} 33. Rd8 {[%emt 0:00:02]} Rxc2 {[%emt 0:00:02]} 34. Rbb8 {[%emt 0:00:01]} Rc1+ {[%emt 0:00:07]} 35. Kh2 {[%emt 0:00:02]} c3 {[%emt 0:00:00]} 36. Rg8 {[%emt 0:00:06]} Rd7 {[%emt 0:00:07]} 37. Rgf8+ {[%emt 0:00:11]} Ke7 {[%emt 0:00:01]} 38. Rbe8+ {[%emt 0:00:03]} Kd6 {[%emt 0:00:01]} 39. Rxf6 {[%emt 0:00:01]} Re7 {[%emt 0:00:01]} 40. Rd8+ {[%emt 0:00:02]} Kc7 {[%emt 0:00:01]} 41. Rg8 {[%emt 0:00:02]} c2 {[%emt 0:00:01]} 42. Rg3 {[%emt 0:00:04]} Kd7 {[%emt 0:00:00]} 43. Rc3 {[%emt 0:00:02]} Rf7 {[%emt 0:00:00]} 44. Rxf7+ {[%emt 0:00:01]} Bxf7 {[%emt 0:00:00] Time (Lag: Av=0.47s, max=0.6s) .} 0-1

[Event "Stay Safe Play From Home 150"]
[Site "T#646043Emanuel Laske"]
[Date "2020.05.14"]
[Round "3"]
[White "Tunca"]
[Black "Parth11"]
[Result "1-0"]
[WhiteElo "1619"]
[BlackElo "1405"]
[Annotator "NA RC"]
[PlyCount "61"]
[EventDate "2020.05.14"]
[EventType "swiss (blitz)"]

1. e4 {[%emt 0:00:04]} Nc6 {[%emt 0:00:03]} 2. d4 {[%emt 0:00:02]} e6 {[%emt 0:00:00]} 3. f4 {[%emt 0:00:02]} d5 {[%emt 0:00:01]} 4. e5 {[%emt 0:00:07]} f6 {[%emt 0:00:02]} 5. Nf3 {[%emt 0:00:03]} fxe5 {[%emt 0:00:02]} 6. fxe5 {[%emt 0:00:04]} Bd7 {[%emt 0:00:10]} 7. Bd3 {[%emt 0:00:01]} Be7 {[%emt 0:00:02]} 8. O-O {[%emt 0:00:16]} g6 {[%emt 0:00:10]} 9. Nc3 {[%emt 0:00:34]} Bb4 {[%emt 0:00:14]} 10. Ne2 {[%emt 0:00:04]} Nge7 {[%emt 0:00:04]} 11. c3 {[%emt 0:00:01]} Ba5 {[%emt 0:00:03]} 12. Ng5 {[%emt 0:00:02]} Nf5 {[%emt 0:00:08]} 13. g4 {[%emt 0:00:13]} h6 {[%emt 0:00:17]} 14. gxf5 {[%emt 0:00:02]} hxg5 {[%emt 0:00:03]} 15. fxg6 {[%emt 0:00:03]} Nxe5 {[%emt 0:00:13]} 16. dxe5 {[%emt 0:00:04]} Bb6+ {[%emt 0:00:05]} 17. Kh1 {[%emt 0:00:02]} Bc6 {[%emt 0:00:03]} 18. Nd4 {[%emt 0:00:01]} g4 {[%emt 0:00:16]} 19. g7 {[%emt 0:00:09]} Rxh2+ {[%emt 0:00:03]} 20. Kxh2 {[%emt 0:00:05]} Qh4+ {[%emt 0:00:01]} 21. Kg2 {[%emt 0:00:04]} Qh3+ {[%emt 0:00:06]} 22. Kf2 {[%emt 0:00:00]} Qh2+ {[%emt 0:00:20]} 23. Ke1 {[%emt 0:00:01]} Qg3+ {[%emt 0:00:02]} 24. Kd2 {[%emt 0:00:05]} O-O-O {[%emt 0:00:07]} 25. Rf8 {[%emt 0:00:05]} Be8 {[%emt 0:00:07]} 26. g8=Q {[%emt 0:00:03]} Qh2+ {[%emt 0:00:07]} 27. Qe2 {[%emt 0:00:02]} Qh6+ {[%emt 0:00:06]} 28. Kc2 {[%emt 0:00:04]} Qh1 {[%emt 0:00:02]} 29. Qxe6+ {[%emt 0:00:04]} Kb8 {[%emt 0:00:02]} 30. Rxe8 {[%emt 0:00:01]} a6 {[%emt 0:00:00]} 31. Rxd8+ {[%emt 0:00:02] Time (Lag: Av=1.37s, max=1.9s)} 1-0

[Event "Stay Safe Play From Home 150"]
[Site "T#646043Emanuel Laske"]
[Date "2020.05.14"]
[Round "3"]
[White "Gmbasti"]
[Black "Ironmike"]
[Result "1/2-1/2"]
[WhiteElo "1594"]
[BlackElo "1805"]
[Annotator "NA RC"]
[PlyCount "185"]
[EventDate "2020.05.14"]
[EventType "swiss (blitz)"]

1. c4 {[%emt 0:00:04]} b6 {[%emt 0:00:01]} 2. e3 {[%emt 0:00:00]} Bb7 {[%emt 0:00:00]} 3. d4 {[%emt 0:00:00]} e6 {[%emt 0:00:00]} 4. Nc3 {[%emt 0:00:00]} Nf6 {[%emt 0:00:00]} 5. Nf3 {[%emt 0:00:00]} Bb4 {[%emt 0:00:00]} 6. Bd3 {[%emt 0:00:01]} d5 {[%emt 0:00:02]} 7. Bd2 {[%emt 0:00:04]} dxc4 {[%emt 0:00:01]} 8. Bxc4 {[%emt 0:00:01]} O-O {[%emt 0:00:00]} 9. a3 {[%emt 0:00:03]} Bxc3 {[%emt 0:00:01]} 10. Bxc3 {[%emt 0:00:01]} c5 {[%emt 0:00:00]} 11. O-O {[%emt 0:00:03]} cxd4 {[%emt 0:00:01]} 12. exd4 {[%emt 0:00:01]} Qc7 {[%emt 0:00:01]} 13. Bd3 {[%emt 0:00:04]} Nbd7 {[%emt 0:00:01]} 14. Qd2 {[%emt 0:00:01]} Bxf3 {[%emt 0:00:02]} 15. gxf3 {[%emt 0:00:01]} Nd5 {[%emt 0:00:00]} 16. Kh1 {[%emt 0:00:03]} N7f6 {[%emt 0:00:03]} 17. Qg5 {[%emt 0:00:01]} h6 {[%emt 0:00:03]} 18. Qg2 {[%emt 0:00:03]} Nf4 {[%emt 0:00:02]} 19. Qg3 {[%emt 0:00:08]} N6d5 {[%emt 0:00:02]} 20. Rg1 {[%emt 0:00:06]} g5 {[%emt 0:00:01]} 21. Be4 {[%emt 0:00:02]} Qd6 {[%emt 0:00:03]} 22. Bxd5 {[%emt 0:00:02]} Qxd5 {[%emt 0:00:01]} 23. Qxf4 {[%emt 0:00:01]} Rac8 {[%emt 0:00:02]} 24. Qe5 {[%emt 0:00:03]} Qxe5 {[%emt 0:00:01]} 25. dxe5 {[%emt 0:00:01]} Kh7 {[%emt 0:00:02]} 26. Rad1 {[%emt 0:00:02]} Kg6 {[%emt 0:00:02]} 27. f4 {[%emt 0:00:03]} Kf5 {[%emt 0:00:02]} 28. fxg5 {[%emt 0:00:01]} hxg5 {[%emt 0:00:00]} 29. Rd3 {[%emt 0:00:04]} Rh8 {[%emt 0:00:02]} 30. Rf3+ {[%emt 0:00:06]} Ke4 {[%emt 0:00:01]} 31. Rxf7 {[%emt 0:00:02]} Rh3 {[%emt 0:00:08]} 32. Rg4+ {[%emt 0:00:04]} Kd3 {[%emt 0:00:02]} 33. Kg2 {[%emt 0:00:04]} Rh6 {[%emt 0:00:02]} 34. Rxg5 {[%emt 0:00:05]} Kc2 {[%emt 0:00:01]} 35. Rxa7 {[%emt 0:00:05]} Rc4 {[%emt 0:00:08]} 36. Rg3 {[%emt 0:00:21]} b5 {[%emt 0:00:04]} 37. Rb7 {[%emt 0:00:02]} Rc5 {[%emt 0:00:02]} 38. Rb6 {[%emt 0:00:03]} Rd5 {[%emt 0:00:01]} 39. Rc6 {[%emt 0:00:18]} Kb1 {[%emt 0:00:03]} 40. Bb4 {[%emt 0:00:03]} Ka2 {[%emt 0:00:03]} 41. Rc2 {[%emt 0:00:03]} Kb1 {[%emt 0:00:03]} 42. Re2 {[%emt 0:00:02]} Rd1 {[%emt 0:00:05]} 43. b3 {[%emt 0:00:01]} Rh5 {[%emt 0:00:03]} 44. Rc3 {[%emt 0:00:02]} Rg5+ {[%emt 0:00:02]} 45. Rg3 {[%emt 0:00:01]} Rf5 {[%emt 0:00:01]} 46. h4 {[%emt 0:00:03]} Rh5 {[%emt 0:00:03]} 47. Rh3 {[%emt 0:00:01]} Rc1 {[%emt 0:00:03]} 48. Bc3 {[%emt 0:00:03]} Rc2 {[%emt 0:00:02]} 49. Rxc2 {[%emt 0:00:01]} Kxc2 {[%emt 0:00:01]} 50. Bd4 {[%emt 0:00:01]} Kb1 {[%emt 0:00:03]} 51. Bc5 {[%emt 0:00:01]} Ka2 {[%emt 0:00:01]} 52. a4 {[%emt 0:00:01]} Rxe5 {[%emt 0:00:03]} 53. axb5 {[%emt 0:00:01]} Rxc5 {[%emt 0:00:01]} 54. b6 {[%emt 0:00:01]} Rb5 {[%emt 0:00:01]} 55. Re3 {[%emt 0:00:03]} Rxb6 {[%emt 0:00:01]} 56. h5 {[%emt 0:00:01]} e5 {[%emt 0:00:02]} 57. Rxe5 {[%emt 0:00:02]} Kxb3 {[%emt 0:00:03]} 58. Kf3 {[%emt 0:00:03]} Kc4 {[%emt 0:00:01]} 59. Ke4 {[%emt 0:00:03]} Rf6 {[%emt 0:00:03]} 60. f4 {[%emt 0:00:00]} Rh6 {[%emt 0:00:01]} 61. Rg5 {[%emt 0:00:02]} Kc3 {[%emt 0:00:03]} 62. f5 {[%emt 0:00:00]} Kc4 {[%emt 0:00:02]} 63. Ke5 {[%emt 0:00:00]} Kc5 {[%emt 0:00:01]} 64. f6 {[%emt 0:00:00]} Kc6 {[%emt 0:00:02]} 65. Ke6 {[%emt 0:00:00]} Kc7 {[%emt 0:00:01]} 66. Ke7 {[%emt 0:00:00]} Rh8 {[%emt 0:00:02]} 67. f7 {[%emt 0:00:00]} Rd8 {[%emt 0:00:01]} 68. f8=Q {[%emt 0:00:00]} Rd7+ {[%emt 0:00:01]} 69. Ke8 {[%emt 0:00:01]} Rd8+ {[%emt 0:00:02]} 70. Kf7 {[%emt 0:00:00]} Rd7+ {[%emt 0:00:00]} 71. Kg8 {[%emt 0:00:01]} Kc6 {[%emt 0:00:01]} 72. Rg7 {[%emt 0:00:00]} Rd6 {[%emt 0:00:02]} 73. Qf6 {[%emt 0:00:00]} Rxf6 {[%emt 0:00:01]} 74. Rg6 {[%emt 0:00:03]} Rxg6+ {[%emt 0:00:05]} 75. hxg6 {[%emt 0:00:00]} Kc7 {[%emt 0:00:00]} 76. Kf7 {[%emt 0:00:00]} Kd7 {[%emt 0:00:00]} 77. g7 {[%emt 0:00:00]} Kd6 {[%emt 0:00:00]} 78. g8=Q {[%emt 0:00:00]} Kd5 {[%emt 0:00:00]} 79. Qg6 {[%emt 0:00:00]} Ke5 {[%emt 0:00:00]} 80. Qe6+ {[%emt 0:00:00]} Kd4 {[%emt 0:00:01]} 81. Kf6 {[%emt 0:00:00]} Kc5 {[%emt 0:00:00]} 82. Kf5 {[%emt 0:00:00]} Kd4 {[%emt 0:00:00]} 83. Qe5+ {[%emt 0:00:01]} Kc4 {[%emt 0:00:01]} 84. Kf4 {[%emt 0:00:00]} Kd3 {[%emt 0:00:00]} 85. Qe4+ {[%emt 0:00:01]} Kc3 {[%emt 0:00:01]} 86. Kf3 {[%emt 0:00:00]} Kd2 {[%emt 0:00:01]} 87. Qe3+ {[%emt 0:00:00]} Kc2 {[%emt 0:00:01]} 88. Kf2 {[%emt 0:00:00]} Kb2 {[%emt 0:00:01]} 89. Ke2 {[%emt 0:00:00]} Kc2 {[%emt 0:00:00]} 90. Qd3+ {[%emt 0:00:00]} Kb2 {[%emt 0:00:00]} 91. Kd2 {[%emt 0:00:00]} Ka1 {[%emt 0:00:02]} 92. Qc3+ {[%emt 0:00:00]} Ka2 {[%emt 0:00:00]} 93. Kc2 {[%emt 0:00:00] (Lag: Av=0.47s, max=2.5s)} 1/2-1/2

[Event "Stay Safe Play From Home 150"]
[Site "T#646043Emanuel Laske"]
[Date "2020.05.14"]
[Round "4"]
[White "Little champs"]
[Black "Lazieri3"]
[Result "1-0"]
[WhiteElo "2193"]
[BlackElo "1980"]
[Annotator "TA"]
[PlyCount "111"]
[EventDate "2020.05.14"]
[EventType "swiss (blitz)"]

{[%evp 9,111,10,22,8,13,-16,-5,-14,-14,-154,-73,-87,-30,-19,201,28,25,-274,-248,-243,-159,-190,-160,-205,-204,-229,-231,-239,-214,-334,-112,-189,-14,-11,0,-11,0,0,0,0,2,-36,0,-45,-41,-47,0,0,36,25,58,-402,-402,-496,17,32,32,17,27,0,0,0,0,0,56,72,72,0,0,0,0,0,0,0,0,0,0,0,0,0,0,0,0,0,0,0,0,0,0,0,0,0,0,0,8,8,8,8,34,0,0,0,34,34]} 1. d4 c6 2. e3 d5 3. Ne2 {[#]} Bf5 $146 ({Predecessor:} 3... Nf6 4. Nd2 Bf5 5. g3 Nbd7 6. Bg2 e6 7. O-O Bd6 8. a3 O-O 9. b3 Re8 10. Bb2 Qc7 {½-½ (20) Le Nguyen To,N-Phan Nguyen Ha,N Hue 2009}) 4. g3 Qd7 5. Bg2 Bh3 6. O-O {D00: 1 d4 d5: Unusual lines.} h5 7. Nf4 Bxg2 8. Kxg2 {The position is equal.} h4 9. Qf3 (9. g4 $1 $11) 9... hxg3 (9... g5 $142 10. Nd3 Nf6) 10. fxg3 $17 g5 (10... Nf6 $17 11. h4 Qf5) 11. Nh5 $1 $11 Nf6 $2 {[#]} (11... Qe6 $11 {and Black has nothing to worry.}) 12. Nxf6+ $2 (12. Qxf6 $1 $18 {[%mdl 512]} exf6 13. Nxf6+ {[%mdl 64] Double Attack} Ke7 14. Nxd7 Nxd7 15. e4 $1 {[%mdl 512]}) 12... exf6 13. Qxf6 $2 {[%mdl 8192]} (13. Qf5 $11) 13... Qh3+ $19 {[%mdl 64] Double Attack} 14. Kf2 Qxh2+ 15. Ke1 Qxg3+ 16. Kd1 Qg4+ 17. Kd2 Rh2+ 18. Kc3 Qe6 19. Qxg5 (19. Qxe6+ $142 fxe6 20. Nd2) 19... Na6 $2 (19... c5 $1 $19 {[%cal Rc5d4] and Black stays clearly on top. ( -> ...cxd4+)} 20. Qe5 Qxe5 21. dxe5 Nc6) 20. a3 (20. Qf4 $17 Bd6 21. Qf5) 20... Qe4 $2 ({Better is} 20... c5 $19 21. Kb3 cxd4) 21. Nd2 $1 $11 {[%cal Rd2e4]} Qe7 22. Qf4 Re2 $40 {[%mdl 128] Black has some attack.} 23. Kd3 Rg2 24. c3 O-O-O 25. b4 Re8 26. Rf3 Nc7 27. Qxf7 Qxf7 28. Rxf7 Bh6 29. Nf3 Nb5 {White should prevent ...Nd6.} 30. Bd2 $2 {[%mdl 8192]} (30. Nh4 $1 $14 {keeps the upper hand.} Rg1 31. Nf5) 30... Nd6 $19 31. Rf6 {[#]} Ne4 $2 ({Inferior is} 31... Bf8 32. Rg1 $11) (31... Nc4 $1 $19 32. Re1 {[#]} (32. Rxh6 $2 Rxe3+ {[%mdl 64] Double Attack} 33. Kc2 Rxf3 $19) 32... Rxe3+ $1 {[%mdl 512]} 33. Rxe3 Bxe3) 32. Rxh6 $11 {aiming for Be1.} Rf2 33. Rh3 {Be1 is the strong threat.} Rf8 34. Rd1 {Threatens to win with Nh4.} (34. Be1 {keeps more tension.} R2xf3 35. Rxf3 Rxf3 36. c4 Rf1 37. b5) 34... R8xf3 35. Rxf3 Rxf3 {[%mdl 4096] Endgame KRB-KRN} 36. Be1 Nf2+ ({Black should try} 36... Nd6 $11) 37. Bxf2 $14 Rxf2 {KR-KR} 38. e4 (38. Ra1 $16) 38... dxe4+ $11 39. Kxe4 Ra2 40. Kd3 Rxa3 41. Kc4 Kc7 42. Rh1 b5+ 43. Kd3 Kb6 44. Rh8 Ra2 45. Rb8+ Kc7 46. Rg8 Kb7 47. Rg7+ Kb6 48. Rg6 {next d5 is good for White.} Kb7 49. Rf6 Ra1 50. Kc2 Rg1 51. Kb3 Kb6 52. d5 Kb7 53. Rxc6 Rd1 54. Rd6 Kc7 55. Rc6+ Kb7 56. Rc5 {Accuracy: White = 57%, Black = 58%.} 1-0

[Event "Stay Safe Play From Home 150"]
[Site "T#646043Emanuel Laske"]
[Date "2020.05.14"]
[Round "4"]
[White "Chesstiger9"]
[Black "Lamborghini"]
[Result "0-1"]
[WhiteElo "2050"]
[BlackElo "2261"]
[Annotator "TA"]
[PlyCount "56"]
[EventDate "2020.05.14"]
[EventType "swiss (blitz)"]

{[%evp 16,56,40,21,67,20,26,5,5,-24,-14,0,0,4,3,0,14,0,30,22,61,64,108,10,16,0,0,-26,-25,-39,-13,-143,-158,-333,-204,-331,-345,-345,-344,-327,-334,-344,-335]} 1. e4 c5 2. c3 d6 3. d4 cxd4 4. cxd4 Nf6 5. Nc3 g6 6. Nf3 Bg7 7. h3 O-O 8. Be2 Nc6 9. O-O (9. d5 $5 {[%cal Rd5c6]} Ne5 10. Nxe5 dxe5 11. Qb3 $14) 9... e5 {B22: Sicilian: 2 c3.} 10. dxe5 (10. d5 {with more complications.} Nd4 11. Nxd4 exd4 12. Qxd4 Re8 13. Qd3) 10... dxe5 11. Qxd8 Rxd8 {[#] The position is equal.} 12. Bg5 $146 ({Predecessor:} 12. Be3 Nd4 13. Nxd4 exd4 14. Rfd1 Ne8 15. Nb5 Be6 16. Bxd4 Bxd4 17. Nxd4 Ng7 18. Nxe6 Nxe6 {1-0 (27) Guo,P (1501)-Steiner,N (1407) Aurich 2018}) 12... Be6 13. Rfd1 Rxd1+ (13... Nb4 {feels hotter.} 14. a3 Nc6 15. Rac1 Rac8 16. Bf1 h6) 14. Rxd1 h6 15. Be3 g5 16. g4 Bf8 17. Bb5 Nd7 18. Nd5 Rc8 {[#]} 19. a3 (19. Bxa7 $1 $16 Kg7 20. Be3) 19... a6 20. Bxc6 (20. Bc4 {keeps more tension.} Ncb8 21. Bd3 Nc6 22. Rc1 Kg7 23. Nd2) 20... Rxc6 21. Rc1 (21. Nd2 {is more complex.} Kg7 22. Nf1 Rc2 23. b4 Ra2 24. Rd3) 21... Rxc1+ 22. Bxc1 f6 23. Ne3 (23. Be3 $11 {keeps the balance.}) 23... Nc5 $17 24. Nf5 $2 {[#] This move loses the game for White.} (24. b4 $17 Nxe4 25. Nd2 Nxd2 26. Bxd2) 24... Nxe4 25. Be3 (25. Ne3 {was necessary.}) 25... Bxf5 $19 {Black has a decisive advantage.} 26. gxf5 Nd6 27. Nd2 Nxf5 28. Nc4 Kf7 {Accuracy: White = 38%, Black = 57%.} 0-1

[Event "Stay Safe Play From Home 150"]
[Site "T#646043Emanuel Laske"]
[Date "2020.05.14"]
[Round "4"]
[White "Sfantul321"]
[Black "Gmbasti"]
[Result "1-0"]
[WhiteElo "2028"]
[BlackElo "1603"]
[Annotator "NA RC"]
[PlyCount "59"]
[EventDate "2020.05.14"]
[EventType "swiss (blitz)"]

1. c4 {[%emt 0:00:01]} c5 {[%emt 0:00:03]} 2. Nc3 {[%emt 0:00:01]} e6 {[%emt 0:00:00]} 3. g3 {[%emt 0:00:00]} d5 {[%emt 0:00:00]} 4. cxd5 {[%emt 0:00:01]} exd5 {[%emt 0:00:00]} 5. d4 {[%emt 0:00:01]} Be6 {[%emt 0:00:01]} 6. Bg2 {[%emt 0:00:01]} cxd4 {[%emt 0:00:01]} 7. Qxd4 {[%emt 0:00:01]} Nc6 {[%emt 0:00:00]} 8. Qa4 {[%emt 0:00:01]} Nf6 {[%emt 0:00:00]} 9. Bg5 {[%emt 0:00:02]} Qb6 {[%emt 0:00:00]} 10. Qb5 {[%emt 0:00:07]} Qxb5 {[%emt 0:00:01]} 11. Nxb5 {[%emt 0:00:01]} Rc8 {[%emt 0:00:01]} 12. a3 {[%emt 0:00:02]} a6 {[%emt 0:00:01]} 13. Nc3 {[%emt 0:00:05]} h6 {[%emt 0:00:01]} 14. Bxf6 {[%emt 0:00:01]} gxf6 {[%emt 0:00:01]} 15. Nxd5 {[%emt 0:00:02]} Bxd5 {[%emt 0:00:01]} 16. Bxd5 {[%emt 0:00:01]} Ne7 {[%emt 0:00:02]} 17. Bb3 {[%emt 0:00:02]} Bg7 {[%emt 0:00:05]} 18. Nf3 {[%emt 0:00:02]} Nf5 {[%emt 0:00:02]} 19. O-O {[%emt 0:00:02]} O-O {[%emt 0:00:03]} 20. Rac1 {[%emt 0:00:02]} Rc6 {[%emt 0:00:02]} 21. Bd5 {[%emt 0:00:03]} Rb6 {[%emt 0:00:01]} 22. b4 {[%emt 0:00:01]} Rd8 {[%emt 0:00:03]} 23. e4 {[%emt 0:00:02]} Nd6 {[%emt 0:00:04]} 24. Rc7 {[%emt 0:00:03]} f5 {[%emt 0:00:04]} 25. Nd2 {[%emt 0:00:05]} fxe4 {[%emt 0:00:01]} 26. Nxe4 {[%emt 0:00:02]} Nb5 {[%emt 0:00:03]} 27. Rxb7 {[%emt 0:00:11]} Rxb7 {[%emt 0:00:03]} 28. Bxb7 {[%emt 0:00:01]} Nxa3 {[%emt 0:00:02]} 29. Bxa6 {[%emt 0:00:01]} Rd3 {[%emt 0:00:03]} 30. Bxd3 {[%emt 0:00:02] Gmbasti gibt auf (Lag: Av=0.51s, max=3.1s)} 1-0

[Event "Stay Safe Play From Home 150"]
[Site "T#646043Emanuel Laske"]
[Date "2020.05.14"]
[Round "4"]
[White "Haris kollari 13"]
[Black "Position"]
[Result "0-1"]
[WhiteElo "1970"]
[BlackElo "2073"]
[Annotator "TA"]
[PlyCount "122"]
[EventDate "2020.05.14"]
[EventType "swiss (blitz)"]

{[%evp 18,122,47,39,73,0,106,74,110,110,119,90,160,117,214,168,329,288,272,75,147,126,130,79,83,74,85,0,104,111,110,110,119,0,9,0,0,0,0,0,0,-7,0,0,0,-73,0,0,0,-19,0,0,0,-16,-14,-16,-16,-29,-31,-39,-12,-40,-14,-24,-15,-16,0,0,0,0,0,0,0,0,0,0,0,0,0,-8,-8,-8,-8,-8,-8,-170,320,0,1866,1689,1517,720,1971,1927,1418,1482,1795,1756,1161,1783,1809,1770,2341,1986,2156,2131,1199]} 1. e4 c5 2. Nf3 d6 3. d4 cxd4 4. Nxd4 Nf6 5. Nc3 a6 6. f4 e6 7. Be3 Be7 8. Be2 Qc7 9. Qd2 Nc6 10. O-O-O Bd7 {B83: Sicilian Scheveningen: 6 Be2, lines without ...a6.} 11. h3 (11. g4 $16) 11... O-O-O {[#]} (11... b5 $11) 12. Bf3 $146 ({Predecessor:} 12. g4 e5 13. Nf5 Bxf5 14. exf5 Rhe8 15. g5 Nd7 16. Nd5 Qb8 17. f6 gxf6 18. Bg4 {1-0 (47) Jauk,N-Wiesinger,B Austria 1995}) 12... Nxd4 {White is better.} 13. Bxd4 Bc6 14. Qe3 {And now Bb6 would win.} Rd7 (14... Nd7 $142) 15. g4 d5 (15... b5 $16) 16. e5 Ne4 $2 (16... Ne8 {might work better.} 17. Bb6 Qb8) 17. Nxe4 dxe4 18. Bxe4 $2 (18. Bb6 $18 Rxd1+ 19. Rxd1) 18... Bd5 (18... Rhd8 $142) 19. Bxd5 Rxd5 20. Bc3 (20. Bb6 $142 Bc5 21. Bxc5 Qxc5 22. Qxc5+ Rxc5 23. Rd4) 20... Rhd8 {Black wants to play ...Qc4.} 21. Rxd5 Rxd5 22. Rd1 ({Better is} 22. Kb1 $16) 22... Bc5 (22... Rxd1+ $11 23. Kxd1 Qc4) 23. Qe4 $16 Rxd1+ 24. Kxd1 Qd7+ 25. Qd3 (25. Ke1 $16) 25... Qc6 $1 $11 26. Qf1 (26. Be1 {seems wilder.} Qh1 27. Qc3 Qd5+ 28. Kc1 Kb8 29. a3) 26... Qd5+ 27. Ke2 Qxa2 28. Qf3 Qc4+ 29. Kd2 Kb8 30. b3 Qb5 31. Qe4 (31. Qd3 $11 {remains equal.}) 31... Qb6 (31... Qf1 $17 32. Bb4 Bb6) 32. b4 Be7 33. Kd3 Qb5+ 34. Qc4 Qd7+ 35. Qd4 Qc6 36. Qe4 Kc7 37. Qxc6+ Kxc6 {[%mdl 4096] Endgame KB-KB} 38. Kc4 b6 39. Bd2 g6 40. c3 Bd8 41. Be3 a5 {next ...b5+ is good for Black.} 42. b5+ $1 Kd7 43. Bd4 Kc7 44. Kb3 Be7 45. Ka4 Kb7 46. Be3 Bd8 47. Bd4 Bc7 48. Be3 g5 49. c4 gxf4 50. Bxf4 f6 51. h4 $2 (51. Bh6 $1 $11 {and White is okay.} fxe5 52. h4) 51... fxe5 $4 {[%mdl 8192] [#]} (51... Bxe5 $19 {and all is fine.} 52. Be3 Bd6) 52. Be3 $2 ({White must play} 52. Bd2 $1 $18) 52... Bd8 $2 {[%mdl 8192]} (52... Bd6 $11) 53. g5 $18 {White is clearly winning.} Be7 54. h5 Bf8 {[#]} 55. c5 $1 {[%mdl 512]} bxc5 56. Kxa5 c4 57. Ka4 e4 58. Bd4 e3 59. Bxe3 e5 60. Bc1 e4 61. Bd2 Be7 {[%mdl 32768] Accuracy: White = 70%, Black = 51%. . Loss on time!?} 0-1